College Quizbowl Stats
College Quizbowl Stats
Circuits
Seasons
Sets
Records
Detailed Stats
About
Loading...
2024 ACF Nationals
Tossups
Bonuses
Players
Teams
Categories (Tossup)
Categories (Bonus)
Alex Jiang
Brown A
Categories
Category
Powers
Gets
Negs
BBs
Points
Earliest Buzz
Avg. Buzz
First Buzzes
Top 3 Buzzes
BPA
PVF
Fine Arts - Other
0
2
0
1
20
132
137.50
0
0
0.00
0.00
Fine Arts - Painting & Sculpture
0
2
1
1
15
130
136.00
0
0
0.00
0.00
Literature - European
0
1
0
0
10
108
108.00
0
0
0.00
0.00
Philosophy
0
0
1
0
-5
0.00
0
0
0.00
0.00
Buzzes
Category
Answer
Value
Buzz Position
Philosophy
cuteness
-5
88
Literature - European
illustrations in The Little Prince
10
108
Fine Arts - Painting & Sculpture
water lilies
10
130
Fine Arts - Other
William Morris
10
132
Fine Arts - Painting & Sculpture
Félix
10
142
Fine Arts - Painting & Sculpture
Saint Peter’s keys
-5
143
Fine Arts - Other
factories
10
143
Previous
1
Next